[Event "Corus A"]
[Site "Wijk aan Zee NED"]
[Date "2006.01.16"]
[Round "3"]
[White "Topalov, Veselin"]
[Black "Bacrot, Etienne"]
[Result "1-0"]
[WhiteElo "2801"]
[BlackElo "2717"]
[EventDate "2006.01.14"]

1.e4 e5 2.Cf3 Cf6 3.Cxe5 d6 4.Cf3 Cxe4 5.Cc3 Cxc3 6.dxc3 Fe7 7.Ff4 O-O 8.
Dd2 Cd7 9.O-O-O Cc5 10.h4 Ff6 11.Cg5 h6 12.Fd3 Cxd3+ 13.Dxd3 g6 14.Cf3 h5 
15.Tde1 Ff5 16.Dd2 Te8 17.Fg5 Fxg5 18.Cxg5 Df6 19.f3 Te5 20.Txe5 dxe5 21.
Td1 Dc6 22.b3 Te8 23.Rb2 e4 24.fxe4 Fxe4 25.Df4 Ff5 26.Td2 Dc5 27.Cf3 Fg4 
28.a4 Fxf3 29.Dxf3 c6 30.Td7 Te7 31.Dd3 Txd7 32.Dxd7 Db6 33.b4 c5 34.a5 
Dc6 35.Dxc6 bxc6 36.Rb3 Rf8 37.Rc4 cxb4 38.cxb4 Re7 39.Rc5 Rd7 40.c4 f6 
41.b5 g5 42.b6 axb6+ 43.Rxb6 Rc8 44.Rxc6 gxh4 45.c5 1-0

[Event "Corus A"]
[Site "Wijk aan Zee NED"]
[Date "2006.01.24"]
[Round "9"]
[White "Karjakin, Sergey"]
[Black "Topalov, Veselin"]
[Result "0-1"]
[WhiteElo "2660"]
[BlackElo "2801"]
[EventDate "2006.01.14"]

1.e4 c5 2.Cf3 Cc6 3.d4 cxd4 4.Cxd4 Cf6 5.Cc3 e5 6.Cdb5 d6 7.Fg5 a6 8.Ca3 
b5 9.Cd5 Fe7 10.Fxf6 Fxf6 11.c3 Fg5 12.Cc2 O-O 13.a4 bxa4 14.Txa4 a5 15.
Fc4 Tb8 16.Ta2 Rh8 17.Cce3 Fxe3 18.Cxe3 Ce7 19.b3 f5 20.exf5 Cxf5 21.Cd5 
Fb7 22.O-O Tc8 23.Dd3 Ch4 24.Td1 h6 25.Dg3 Cf5 26.Dg4 Tc5 27.Tad2 Fc8 28.
De4 Fb7 29.h3 Ch4 30.Fd3 Tf5 31.Fb1 Txc3 32.Dg4 h5 33.De2 Dg5 34.f4 Txf4 
35.Rh1 Cxg2 36.Dxg2 Tg3 37.Cxf4 Fxg2+ 38.Cxg2 Txh3+ 39.Rg1 Tg3 40.Tf2 Rg8 
41.Txd6 h4 42.Tc6 Dg4 43.Ff5 Txg2+ 44.Txg2 Dxf5 45.Tcg6 Df7 46.T6g4 Df6 
47.Rh2 Rf7 48.Rh3 e4 49.Tg5 e3 50.Rxh4 g6 0-1

[Event "Corus A"]
[Site "Wijk aan Zee NED"]
[Date "2006.01.25"]
[Round "10"]
[White "Topalov, Veselin"]
[Black "Aronian, Levon"]
[Result "1-0"]
[WhiteElo "2801"]
[BlackElo "2752"]
[EventDate "2006.01.14"]

1.d4 Cf6 2.c4 e6 3.Cf3 b6 4.g3 Fa6 5.b3 Fb4+ 6.Fd2 Fe7 7.Fg2 c6 8.Fc3 d5 
9.Ce5 Cfd7 10.Cxd7 Cxd7 11.Cd2 O-O 12.O-O Cf6 13.e4 b5 14.exd5 exd5 15.Te1
Tb8 16.c5 Fc8 17.Cf3 Ce4 18.Txe4 dxe4 19.Ce5 Dd5 20.De1 Ff5 21.g4 Fg6 22.
f3 b4 23.fxe4 De6 24.Fb2 Ff6 25.Cxc6 Dxc6 26.e5 Da6 27.exf6 Tfe8 28.Df1 
De2 29.Df2 Dxg4 30.h3 Dg5 31.Fc1 Dh5 32.Ff4 Tbd8 33.c6 Fe4 34.c7 Tc8 35.
Te1 Dg6 36.Txe4 Txe4 37.d5 Tce8 38.d6 Te1+ 39.Rh2 Df5 40.Dg3 g6 41.Dg5 
Dxg5 42.Fxg5 Td1 43.Fc6 Te2+ 44.Rg3 1-0

[Event "Corus A"]
[Site "Wijk aan Zee NED"]
[Date "2006.01.27"]
[Round "11"]
[White "Ivanchuk, Vassily"]
[Black "Topalov, Veselin"]
[Result "1/2-1/2"]
[WhiteElo "2729"]
[BlackElo "2801"]
[EventDate "2006.01.14"]

1.d4 Cf6 2.c4 e6 3.Cc3 Fb4 4.Cf3 c5 5.g3 O-O 6.Fg2 cxd4 7.Cxd4 d5 8.Db3 
Fxc3+ 9.Dxc3 e5 10.Cb3 Cc6 11.Fg5 d4 12.Df3 Fe6 13.Tc1 Tc8 14.O-O b6 15.
Cd2 h6 16.Fxf6 Dxf6 17.Dxf6 gxf6 18.Ce4 f5 19.Cd6 Tc7 20.Cb5 Tcc8 21.Cd6 
Tc7 22.Cb5 Tcc8 23.b3 e4 24.f3 a6 25.Cd6 Tcd8 26.c5 e3 27.f4 Cb4 28.Cb7 
Tb8 29.c6 Cxa2 30.Ff3 Cxc1 31.Txc1 Fxb3 32.c7 Tbe8 33.Cd6 Fe6 34.Fb7 Fc8 
35.Cxc8 Txc8 36.Fxa6 Tfe8 37.Fxc8 Txc8 38.Rg2 b5 39.Rf3 b4 40.Tc4 b3 41.
Txd4 Txc7 42.Tb4 Tc3 43.Tb5 Rf8 44.Txf5 Re7 45.g4 Rd6 46.Tb5 Rc6 47.Tb8 
Rd5 48.h4 f6 49.h5 Rd4 50.Tb4+ Rc5 51.Tb7 Rd5 52.g5 fxg5 53.fxg5 hxg5 54.
Tb8 Tc4 55.Txb3 Re5 56.Txe3+ Rf5 57.Rg2 Tg4+ 58.Tg3 Te4 59.Rf2 Th4 60.Tf3+
Re4 61.Te3+ Rf5 62.Tf3+ 1/2-1/2

[Event "Corus A"]
[Site "Wijk aan Zee NED"]
[Date "2006.01.28"]
[Round "12"]
[White "Topalov, Veselin"]
[Black "Anand, Viswanathan"]
[Result "1/2-1/2"]
[WhiteElo "2801"]
[BlackElo "2792"]
[EventDate "2006.01.14"]

1.e4 e5 2.Cf3 Cc6 3.Fb5 a6 4.Fa4 Cf6 5.O-O b5 6.Fb3 Fc5 7.a4 Tb8 8.c3 O-O 
9.d4 Fb6 10.axb5 axb5 11.dxe5 Cg4 12.Ca3 Ccxe5 13.h3 d6 14.De2 Cxf3+ 15.
Dxf3 Ce5 16.Dg3 Fe6 17.Fxe6 fxe6 18.Cxb5 Txf2 19.Txf2 Fxf2+ 20.Dxf2 Txb5 
21.De2 Tb8 22.Ff4 Df6 23.Tf1 1/2-1/2

[Event "Corus A"]
[Site "Wijk aan Zee NED"]
[Date "2006.01.29"]
[Round "13"]
[White "Leko, Peter"]
[Black "Topalov, Veselin"]
[Result "1/2-1/2"]
[WhiteElo "2740"]
[BlackElo "2801"]
[EventDate "2006.01.14"]

1.e4 c5 2.Cf3 d6 3.d4 cxd4 4.Cxd4 Cf6 5.Cc3 a6 6.g3 e5 7.Cb3 Fe7 8.Fg2 O-O
9.O-O Fe6 10.a4 Cbd7 11.a5 Dc7 12.Te1 Tfc8 13.h3 h6 14.Fe3 b5 15.axb6 Cxb6
16.Ca5 Cc4 17.Cxc4 Fxc4 18.Ca4 Tab8 19.b3 Fb5 20.c4 Fxa4 21.Txa4 Db7 22.
Da1 Dxb3 23.Tc1 Tc6 24.c5 Cd7 25.Txa6 Txa6 26.Dxa6 Cxc5 27.Fxc5 dxc5 28.
Ff1 h5 29.h4 Df3 30.De2 Dxe2 31.Fxe2 g6 32.Fc4 Tb2 33.Ta1 Tc2 34.Fb3 Tc3 
35.Fd5 c4 36.Ta7 Rf8 37.Ta8+ Rg7 38.Ta7 Rf8 39.Ta8+ Rg7 40.Ta7 Rf8 1/2-1/2

[Event "XXIII SuperGM"]
[Site "Morelia/Linares MEX/ESP"]
[Date "2006.02.18"]
[Round "1"]
[White "Svidler, Peter"]
[Black "Topalov, Veselin"]
[Result "1-0"]
[WhiteElo "2765"]
[BlackElo "2801"]
[EventDate "2006.02.18"]

1.e4 e5 2.Cf3 Cc6 3.Fb5 Cf6 4.O-O Cxe4 5.d4 Cd6 6.Fxc6 dxc6 7.dxe5 Cf5 8.
Dxd8+ Rxd8 9.Cc3 Ce7 10.h3 Cg6 11.Fg5+ Re8 12.Tad1 Fd7 13.Cd4 h6 14.Fe3 h5
15.f4 h4 16.f5 Cxe5 17.f6 Th5 18.Ce4 g6 19.Ff4 c5 20.Cf3 Cxf3+ 21.Txf3 Fe6
22.Tfd3 c4 23.T3d2 c6 24.Cg5 Fc5+ 25.Rh2 Fd5 26.Te2+ Rf8 27.Tde1 b5 28.c3 
a5 29.a3 Tc8 30.g4 hxg3+ 31.Rxg3 Fe6 32.h4 Rg8 33.Te5 Ff8 34.Cxe6 fxe6 35.
Td1 Th7 36.Txe6 Tb7 37.Te4 Rf7 38.Fg5 Te8 39.Txe8 Rxe8 40.Rg4 Th7 41.Te1+ 
Rd7 42.a4 bxa4 43.Te5 c5 44.Ff4 Th8 45.Fg3 Fh6 46.Te7+ Rc6 47.Ff4 Fxf4 48.
Rxf4 Th5 49.Te5 Txh4+ 50.Rg5 Th5+ 51.Rxg6 Txe5 52.f7 Te6+ 53.Rg5 Te5+ 54.
Rg4 Te4+ 55.Rg3 Te3+ 56.Rf2 a3 57.f8=D axb2 58.Dc8+ Rb5 59.Db7+ Ra4 60.
Rxe3 Ra3 61.Db5 a4 62.Dxc5+ Rb3 63.Db4+ Rc2 64.Dxa4+ Rxc3 65.Da5+ Rc2 66.
Df5+ Rc1 67.Df1+ 1-0

[Event "XXIII SuperGM"]
[Site "Morelia/Linares MEX/ESP"]
[Date "2006.02.19"]
[Round "2"]
[White "Topalov, Veselin"]
[Black "Bacrot, Etienne"]
[Result "1/2-1/2"]
[WhiteElo "2801"]
[BlackElo "2717"]
[EventDate "2006.02.18"]

1.e4 e5 2.Cf3 Cf6 3.Cxe5 d6 4.Cf3 Cxe4 5.d4 d5 6.Fd3 Cc6 7.O-O Fe7 8.Cc3 
Ff5 9.Te1 Cxc3 10.bxc3 Fxd3 11.Dxd3 O-O 12.Ff4 Fd6 13.Cg5 g6 14.Dh3 h5 15.
Dg3 Df6 16.Fxd6 cxd6 17.Ch3 Tae8 18.Df4 Txe1+ 19.Txe1 Rg7 20.Dg3 Df5 21.
Cf4 b5 22.h4 Td8 23.Dg5 Dxg5 24.hxg5 b4 25.cxb4 Cxb4 26.c3 Cxa2 27.Cxd5 
Tb8 28.Te2 Cc1 29.Te7 a5 30.Ta7 Tc8 31.Txa5 Ce2+ 32.Rh2 Cxc3 33.Cf6 Tb8 
34.d5 Cb5 35.Ta4 Cc7 36.Ta7 Ce8 37.Ce4 Td8 38.f3 Rf8 39.g4 hxg4 40.fxg4 
Tb8 41.Rg3 Tb3+ 42.Rf4 Tb4 43.Re3 Tb3+ 44.Rd4 Tb4+ 45.Rd3 Tb3+ 46.Rc4 Tf3 
47.Td7 Tf4 48.Rd3 f6 49.Cxf6 Cxf6 50.gxf6 Txg4 51.Txd6 Rf7 52.Te6 Ta4 53.
Te4 Txe4 54.Rxe4 1/2-1/2

[Event "XXIII SuperGM"]
[Site "Morelia/Linares MEX/ESP"]
[Date "2006.02.20"]
[Round "3"]
[White "Aronian, Levon"]
[Black "Topalov, Veselin"]
[Result "1/2-1/2"]
[WhiteElo "2752"]
[BlackElo "2801"]
[EventDate "2006.02.18"]

1.d4 Cf6 2.c4 e6 3.Cc3 Fb4 4.e3 O-O 5.Fd3 c5 6.Cf3 d5 7.O-O dxc4 8.Fxc4 
Cbd7 9.a3 cxd4 10.axb4 dxc3 11.bxc3 Dc7 12.Fe2 Cd5 13.Fd3 Dxc3 14.Ta3 Df6 
15.Dc2 h6 16.b5 Cb4 17.Fh7+ Rh8 18.Db1 a5 19.Fe4 Cc5 20.Fd2 Fd7 21.Fxb4 
axb4 22.Dxb4 Txa3 23.Dxc5 Tfa8 24.Ce5 b6 25.Dc7 Fxb5 26.Fxa8 Txa8 27.Td1 
Fa4 28.Td4 Fe8 29.g3 Rh7 30.Rg2 Ta5 31.Cc4 Ta2 32.Tf4 Dc3 33.Dxb6 Ta1 34.
Db7 Dc1 35.Rh3 f6 36.Tg4 Fg6 37.Txg6 Rxg6 38.De4+ Rf7 39.Cd6+ Re7 40.Cf5+ 
Rd7 41.Cxg7 Df1+ 42.Rh4 Dxf2 43.Dxe6+ Rc7 44.Dc4+ Rb7 45.De4+ Rb8 46.Df4+ 
Dxf4+ 47.exf4 Ta2 48.h3 Rc8 49.Rh5 Ta3 50.Cf5 Rd7 51.Rxh6 Re6 52.Rg6 Ta5 
53.Cg7+ Re7 54.h4 Ta6 55.Ch5 Ta8 56.Cg7 Ta6 57.g4 f5+ 58.Rxf5 Rf7 59.Ch5 
Ta5+ 60.Re4 Ta3 61.g5 Th3 62.Rf5 Txh4 63.g6+ Rg8 64.Rg5 Th1 65.Cf6+ Rf8 
66.Ch5 Tg1+ 67.Rh6 Th1 68.f5 Rg8 69.Rg5 Tg1+ 70.Rf6 Tg4 71.Cg7 Ta4 72.Ce6 
Ta5 73.Cc7 Rf8 74.Re6 Ta7 75.Cb5 Te7+ 76.Rf6 Td7 77.Cc3 Td6+ 78.Rg5 Rg7 
79.Cb5 Td5 80.Cc7 Te5 81.Ce6+ Rg8 82.Rf6 Ta5 83.Cc7 Tc5 84.Ce8 Tc1 85.Cd6 
Rf8 86.Ce4 Tc6+ 87.Rg5 Tc4 88.Cg3 Tc3 89.Ce4 Tc4 90.Cf6 Tc1 91.Cd7+ Rg8 
92.f6 Tf1 93.Ce5 Tg1+ 94.Rf5 Tf1+ 95.Re6 Te1 96.Rd6 Te2 97.Cc6 Tg2 98.Re6 
Te2+ 99.Rd7 Rf8 100.Rd6 Tg2 101.Ce5 Td2+ 102.Re6 Te2 103.Rf5 Tf2+ 104.Rg5 
Tg2+ 105.Rh4 Tf2 106.Cg4 Tg2 107.Ce5 Tf2 108.Rg5 Tg2+ 109.Rf4 Tf2+ 110.Cf3
Tf1 111.Re3 Rg8 112.Rf4 Rf8 113.Re4 Rg8 114.Re3 Ta1 115.Rf4 Tf1 116.Rg4 
Tf2 117.Rg3 Tf1 118.Rf4 Tf2 119.Re4 Tf1 120.Re3 Ta1 121.Rd4 Tf1 122.Re4 
Tf2 123.g7 Tg2 1/2-1/2

[Event "XXIII SuperGM"]
[Site "Morelia/Linares MEX/ESP"]
[Date "2006.02.22"]
[Round "4"]
[White "Topalov, Veselin"]
[Black "Radjabov, Teimour"]
[Result "0-1"]
[WhiteElo "2801"]
[BlackElo "2700"]
[EventDate "2006.02.18"]

1.d4 Cf6 2.c4 g6 3.Cc3 Fg7 4.e4 d6 5.Fd3 O-O 6.Cge2 c5 7.d5 e6 8.h3 exd5 
9.exd5 Cfd7 10.f4 f5 11.O-O Ca6 12.Fe3 Cc7 13.Dd2 Te8 14.Ff2 Cf6 15.a3 a5 
16.Fh4 Fd7 17.Rh1 De7 18.Tae1 Df7 19.a4 Ca6 20.g4 Cb4 21.Fb1 fxg4 22.f5 
Fxf5 23.Fxf5 gxf5 24.Txf5 Dg6 25.Tef1 Tf8 26.Cg3 Ch5 27.Cce4 Cxg3+ 28.Cxg3
gxh3 29.b3 Tae8 30.Rh2 Txf5 31.Txf5 Te5 32.Dg5 Dxg5 33.Fxg5 Cc2 34.Fd8 Cd4
35.Tf4 Te3 36.Tg4 Rf7 37.Te4 Txb3 0-1

[Event "XXIII SuperGM"]
[Site "Morelia/Linares MEX/ESP"]
[Date "2006.02.23"]
[Round "5"]
[White "Ivanchuk, Vassily"]
[Black "Topalov, Veselin"]
[Result "0-1"]
[WhiteElo "2729"]
[BlackElo "2801"]
[EventDate "2006.02.18"]

1.d4 d5 2.c4 c6 3.Cf3 Cf6 4.Cc3 a6 5.cxd5 cxd5 6.Db3 Cc6 7.Fg5 e6 8.e3 h6 
9.Fxf6 Dxf6 10.Fd3 Fd6 11.O-O O-O 12.Tac1 b5 13.Fb1 Fd7 14.Dc2 g6 15.Dd2 
Tac8 16.Tfd1 Tc7 17.De1 b4 18.Ce2 a5 19.Dd2 Tfc8 20.Ce1 a4 21.Cd3 Ca5 22.
Txc7 Txc7 23.Tc1 Cc4 24.De1 Dd8 25.g3 Fb5 26.h4 g5 27.hxg5 hxg5 28.Rg2 Dc8
29.Cg1 f6 30.Dd1 Fe8 31.Cf3 Fh5 32.Tc2 Fg6 33.Te2 g4 34.Ch4 Fe4+ 35.Rh2 f5
36.Ce1 Cxe3 37.Txe3 Tc1 38.Dd2 Txb1 39.Txe4 dxe4 40.Dg5+ Rf7 41.d5 Txe1 
42.Dg6+ Re7 43.Dg5+ Rd7 44.dxe6+ Rc6 45.e7 e3 46.Dxf5 Dxf5 47.e8=D+ Dd7 
48.De4+ Rc7 0-1

[Event "XXIII SuperGM"]
[Site "Morelia/Linares MEX/ESP"]
[Date "2006.02.25"]
[Round "6"]
[White "Topalov, Veselin"]
[Black "Vallejo Pons, Francisco"]
[Result "0-1"]
[WhiteElo "2801"]
[BlackElo "2650"]
[EventDate "2006.02.18"]

1.d4 d5 2.c4 c6 3.Cc3 Cf6 4.Cf3 e6 5.Fg5 h6 6.Fh4 dxc4 7.e4 g5 8.Fg3 b5 9.
Fe2 Fb7 10.O-O Cbd7 11.Ce5 h5 12.Cxd7 Dxd7 13.Fe5 Th6 14.f3 De7 15.a4 a6 
16.Dc2 Td8 17.Tad1 Cd7 18.Fc7 Tc8 19.Fg3 e5 20.d5 b4 21.dxc6 Thxc6 22.Cd5 
De6 23.Dd2 h4 24.Ff2 c3 25.bxc3 bxc3 26.Dxg5 c2 27.Tc1 h3 28.g3 Dh6 29.Df5
Dd2 30.Tfe1 Fa3 31.f4 Fxc1 32.Fh5 Tg6 33.Fxg6 Fxd5 34.exd5 Dxe1+ 35.Fxe1 
Fe3+ 36.Rf1 c1=D 37.Dxf7+ Rd8 38.Re2 Fb6 39.Fd2 Dc4+ 40.Rf3 e4+ 41.Rg4 Rc7
42.a5 Fd4 43.Ff5 Tg8+ 44.Rh4 Th8+ 45.Rg5 Db5 46.Fe6 e3 47.Fe1 e2 48.g4 Tf8
49.Dh7 Fe3 50.Rh4 Fxf4 51.g5 Da4 52.Rh5 Fxh2 53.Fxh3 Fe5 54.Dd3 Th8+ 55.
Rg6 Cf8+ 56.Rf7 Rd8 0-1

[Event "XXIII SuperGM"]
[Site "Morelia/Linares MEX/ESP"]
[Date "2006.02.26"]
[Round "7"]
[White "Leko, Peter"]
[Black "Topalov, Veselin"]
[Result "1/2-1/2"]
[WhiteElo "2740"]
[BlackElo "2801"]
[EventDate "2006.02.18"]

1.e4 c5 2.Cf3 d6 3.d4 cxd4 4.Cxd4 Cf6 5.Cc3 a6 6.f3 e6 7.Fe3 h5 8.Fc4 Cc6 
9.Dd2 Ca5 10.Fb3 Fe7 11.O-O-O b5 12.Rb1 Fd7 13.The1 b4 14.Cce2 g6 15.Cc1 
e5 16.Cde2 Cxb3 17.Cxb3 a5 18.Fg5 a4 19.Fxf6 Fxf6 20.Cbc1 Tb8 21.Dxd6 Tb6 
22.Dc5 Db8 23.Cd3 Tb5 24.Df2 Fe6 25.f4 O-O 26.fxe5 Fxe5 27.Cxe5 Dxe5 28.
Cd4 Tc5 29.Dg3 Dxg3 30.hxg3 Fg4 31.Td3 Te8 32.Tde3 f6 33.a3 bxa3 34.bxa3 
Fc8 35.Rc1 Fb7 36.Cf3 Tec8 37.T1e2 Tc4 38.Rb2 Tb8 39.Rc1 Tbc8 40.Rb2 Tb8 
41.Rc1 1/2-1/2

[Event "XXIII SuperGM"]
[Site "Morelia/Linares MEX/ESP"]
[Date "2006.03.03"]
[Round "8"]
[White "Topalov, Veselin"]
[Black "Svidler, Peter"]
[Result "1-0"]
[WhiteElo "2801"]
[BlackElo "2765"]
[EventDate "2006.02.18"]

1.d4 Cf6 2.c4 g6 3.Cc3 d5 4.cxd5 Cxd5 5.e4 Cxc3 6.bxc3 Fg7 7.Fc4 c5 8.Ce2 
Cc6 9.Fe3 O-O 10.O-O Ca5 11.Fd3 b6 12.Tc1 e5 13.dxc5 Fe6 14.c4 bxc5 15.
Fxc5 Te8 16.Fe3 Te7 17.Dc2 Td7 18.Tfd1 Cc6 19.a3 Da5 20.Cc3 Dxa3 21.Cd5 
Tc8 22.Ta1 Df8 23.Ta6 Cb4 24.Cxb4 Dxb4 25.Tb1 Df8 26.c5 Fh6 27.Fxh6 Dxh6 
28.c6 Tdc7 29.Tb5 Td8 30.Tb7 Txd3 31.Dxd3 Dc1+ 32.Df1 Txc6 33.Ta1 Df4 34.
De1 Tc4 35.Tb4 Tc2 36.Tbb1 Fg4 37.h3 Fe2 38.Ta3 a6 39.Te3 Fb5 40.Tc1 Ta2 
41.Tc8+ Rg7 42.Tc7 Fe8 43.Tf3 Dg5 44.Dc3 1-0

[Event "XXIII SuperGM"]
[Site "Morelia/Linares MEX/ESP"]
[Date "2006.03.04"]
[Round "9"]
[White "Bacrot, Etienne"]
[Black "Topalov, Veselin"]
[Result "0-1"]
[WhiteElo "2717"]
[BlackElo "2801"]
[EventDate "2006.02.18"]

1.d4 d5 2.c4 c6 3.Cf3 Cf6 4.e3 a6 5.Fd3 Fg4 6.Cbd2 e6 7.O-O Cbd7 8.b3 c5 
9.cxd5 Cxd5 10.Fb2 Fe7 11.Db1 cxd4 12.Fxd4 Ff6 13.Tc1 Fh5 14.Tc4 De7 15.h3
Td8 16.Fe4 Fxd4 17.Cxd4 C7f6 18.Fxd5 Cxd5 19.Db2 O-O 20.Tac1 Fg6 21.C4f3 
f6 22.g3 e5 23.a3 De6 24.e4 Ce7 25.Tc7 Td7 26.h4 Tfd8 27.b4 h6 28.Txd7 
Txd7 29.b5 axb5 30.Dxb5 Cc6 31.Rg2 Rh7 32.Dc4 Dxc4 33.Txc4 Td3 34.a4 Ta3 
35.Cb1 Ta2 36.Cc3 Tc2 37.Tc5 Cb4 38.Ce1 Tc1 0-1

[Event "XXIII SuperGM"]
[Site "Morelia/Linares MEX/ESP"]
[Date "2006.03.05"]
[Round "10"]
[White "Topalov, Veselin"]
[Black "Aronian, Levon"]
[Result "1-0"]
[WhiteElo "2801"]
[BlackElo "2752"]
[EventDate "2006.02.18"]

1.d4 Cf6 2.c4 e6 3.Cc3 Fb4 4.Cf3 c5 5.g3 cxd4 6.Cxd4 O-O 7.Fg2 d5 8.cxd5 
Cxd5 9.Db3 Db6 10.Fxd5 exd5 11.Fe3 Fh3 12.Tc1 Cc6 13.Cxc6 Dxc6 14.f3 Dc4 
15.Rf2 Fe6 16.Dxc4 dxc4 17.Thd1 Fxc3 18.bxc3 b6 19.Td4 Tfd8 20.g4 Td5 21.
g5 Tad8 22.h4 Rf8 23.Tb1 Re7 24.Tb2 T8d6 25.Txd5 Txd5 26.Fd4 f6 27.e4 Ta5 
28.f4 Fd7 29.Re3 Tb5 30.Tg2 Rf7 31.h5 fxg5 32.fxg5 g6 33.Tf2+ Re8 34.hxg6 
hxg6 35.Ff6 Tb1 36.Rd4 Td1+ 37.Rxc4 Fe6+ 38.Rb5 Ta1 39.Th2 Txa2 40.Th7 
Fd7+ 41.Rc4 Td2 42.Fd4 Fe6+ 43.Rb5 Fd7+ 44.Ra6 Fc6 45.Rxa7 Fxe4 46.Rxb6 
Tb2+ 47.Rc5 Tb7 48.Th4 Tc7+ 49.Rb4 Tb7+ 50.Rc4 Ff5 51.Rc5 Tc7+ 52.Rd6 Td7+
53.Rc6 Te7 54.Ff6 Te4 55.Th8+ Rf7 56.Th7+ Rg8 57.Tg7+ Rf8 58.Rb5 Te8 59.c4
Tb8+ 60.Ra5 Ta8+ 61.Rb4 Tb8+ 62.Rc3 Tc8 63.Ta7 Fe6 64.Fe7+ Rg8 65.c5 Fd5 
66.Rd4 Fg2 67.Re5 Ta8 68.Tc7 Ta1 69.Rf6 Fe4 70.Tc8+ Rh7 71.Td8 Ta6+ 72.Rf7
Ff5 73.Td4 Fe6+ 74.Rf8 Ta8+ 75.Fd8 Fg4 76.c6 1-0

[Event "XXIII SuperGM"]
[Site "Morelia/Linares MEX/ESP"]
[Date "2006.03.07"]
[Round "11"]
[White "Radjabov, Teimour"]
[Black "Topalov, Veselin"]
[Result "1/2-1/2"]
[WhiteElo "2700"]
[BlackElo "2801"]
[EventDate "2006.02.18"]

1.e4 e5 2.Cf3 Cc6 3.Fb5 Cf6 4.d3 Fc5 5.Fxc6 dxc6 6.De2 Fg4 7.Cbd2 Cd7 8.h3
Fxf3 9.Cxf3 De7 10.c3 O-O 11.O-O Tfe8 12.Te1 Tad8 13.Fd2 Cf8 14.Tad1 Fb6 
15.Fe3 c5 16.a3 Td7 17.b4 f6 18.Dc2 Ce6 19.Db3 Df7 20.Dc4 Ted8 21.Td2 cxb4
22.axb4 h6 23.Rf1 c6 24.Ted1 Fxe3 25.fxe3 Te8 26.Rg1 1/2-1/2

[Event "XXIII SuperGM"]
[Site "Morelia/Linares MEX/ESP"]
[Date "2006.03.08"]
[Round "12"]
[White "Topalov, Veselin"]
[Black "Ivanchuk, Vassily"]
[Result "1/2-1/2"]
[WhiteElo "2801"]
[BlackElo "2729"]
[EventDate "2006.02.18"]

1.e4 e5 2.Cf3 Cc6 3.Fb5 a6 4.Fa4 Cf6 5.O-O Fe7 6.Te1 b5 7.Fb3 O-O 8.h3 Fb7
9.d3 d6 10.a4 Cb8 11.axb5 axb5 12.Txa8 Fxa8 13.Ca3 c6 14.c4 bxc4 15.Cxc4 
Cbd7 16.Fd2 Te8 17.Dc2 Ff8 18.Fa2 Db8 19.Fc3 h6 20.Ce3 Fb7 21.b4 d5 22.Cg4
Fd6 23.Db2 Cxg4 24.hxg4 c5 25.g5 hxg5 26.Cxg5 Dd8 27.bxc5 Cxc5 28.Fd2 f6 
29.Fe3 fxg5 30.Fxc5 Fxc5 31.Dxb7 Tf8 32.Dxd5+ Dxd5 33.Fxd5+ Rh7 34.Te2 g4 
35.g3 Rh6 36.Rg2 Rg5 37.Tc2 1/2-1/2

[Event "XXIII SuperGM"]
[Site "Morelia/Linares MEX/ESP"]
[Date "2006.03.10"]
[Round "13"]
[White "Topalov, Veselin"]
[Black "Leko, Peter"]
[Result "1-0"]
[WhiteElo "2801"]
[BlackElo "2740"]
[EventDate "2006.02.18"]

1.d4 Cf6 2.c4 e6 3.Cc3 Fb4 4.Dc2 O-O 5.a3 Fxc3+ 6.Dxc3 b6 7.Fg5 Fb7 8.Cf3 
d6 9.Cd2 Cbd7 10.f3 d5 11.cxd5 exd5 12.e3 Te8 13.Fe2 Tc8 14.O-O De7 15.Fb5
c6 16.Fa4 h6 17.Fxf6 Cxf6 18.Tfe1 b5 19.Fc2 c5 20.Ff5 Tc7 21.dxc5 Txc5 22.
Dd4 a6 23.a4 bxa4 24.Txa4 Tc6 25.b4 De5 26.Dxe5 Txe5 27.Fd3 Tb6 28.Rf2 Fc8
29.Tb1 Ff5 30.Fxf5 Txf5 31.Ta5 g6 32.Re2 h5 33.g3 Rg7 34.h3 Cd7 35.g4 hxg4
36.hxg4 Te5 37.Rf2 Tc6 38.Tb3 Tb6 39.f4 Tee6 40.g5 Ted6 41.e4 Tb5 42.Txb5 
axb5 43.Td3 Cb6 44.Cb1 Tc6 45.exd5 Tc4 46.Rf3 Txb4 47.Cd2 f6 48.Ce4 fxg5 
49.Cxg5 Rf6 50.Rg4 Cc4 51.Ce4+ Re7 52.d6+ Rd8 53.Rg5 Cb2 54.Te3 Td4 55.Cf6
Txd6 56.Te8+ Rc7 57.Te2 Td1 58.Txb2 Tg1+ 59.Rh6 Rc6 60.Ce4 Rd5 61.Tb4 Rc6 
62.Td4 Tg4 63.Cf2 Rc5 64.Td1 Tg2 65.Cd3+ Rc4 66.Ce5+ Rc3 67.Tc1+ Rb2 68.
Tc6 Rb3 69.Txg6 Tf2 70.Tg3+ Rc2 71.Cd3 1-0

[Event "XXIII SuperGM"]
[Site "Morelia/Linares MEX/ESP"]
[Date "2006.03.11"]
[Round "14"]
[White "Vallejo Pons, Francisco"]
[Black "Topalov, Veselin"]
[Result "1/2-1/2"]
[WhiteElo "2650"]
[BlackElo "2801"]
[EventDate "2006.02.18"]

1.d4 Cf6 2.c4 e6 3.Cf3 d5 4.Cc3 dxc4 5.e4 Fb4 6.Fg5 c5 7.Fxc4 cxd4 8.Cxd4 
Fxc3+ 9.bxc3 Da5 10.Fb5+ Fd7 11.Fxf6 gxf6 12.Db3 O-O 13.O-O Fxb5 14.Cxb5 
Cc6 15.c4 Tad8 16.Dg3+ Rh8 17.Dh4 Rg7 18.Dg3+ Rh8 19.Dh4 Rg7 20.f4 Dd2 21.
e5 fxe5 22.Dg5+ Rh8 23.Df6+ Rg8 24.Dg5+ Rh8 25.Df6+ Rg8 26.Tf3 Td3 27.Dg5+
Rh8 28.Df6+ Rg8 29.Dg5+ Rh8 30.Df6+ Rg8 1/2-1/2

[Event "Amber Blindfold"]
[Site "Monaco MNC"]
[Date "2006.03.18"]
[Round "1"]
[White "Ivanchuk, Vassily"]
[Black "Topalov, Veselin"]
[Result "0-1"]
[WhiteElo "2729"]
[BlackElo "2801"]
[EventDate "2006.03.18"]

1.d4 d5 2.c4 c6 3.Cf3 Cf6 4.Cc3 a6 5.a4 e6 6.Fg5 h6 7.Fh4 dxc4 8.e4 g5 9.
Fg3 b5 10.axb5 cxb5 11.Cxb5 axb5 12.Txa8 Fb4+ 13.Re2 Cc6 14.Ce5 Ca5 15.Tb8
Cxe4 16.f3 Cd6 17.h4 f6 18.hxg5 Cf5 19.Fe1 Fxe1 20.Dxe1 fxe5 21.Txc8 Dxc8 
22.Dxa5 O-O 23.Txh6 Dd7 24.Th3 exd4 25.Rd2 Ce3 26.Fe2 Cxg2 27.Da3 Dg7 28.
Tg3 Cf4 29.Fd1 c3+ 30.Rc1 b4 31.Da5 d3 32.Dxb4 c2 0-1

[Event "Amber Blindfold"]
[Site "Monaco MNC"]
[Date "2006.03.19"]
[Round "2"]
[White "Aronian, Levon"]
[Black "Topalov, Veselin"]
[Result "1-0"]
[WhiteElo "2752"]
[BlackElo "2801"]
[EventDate "2006.03.18"]

1.f4 d5 2.Cf3 g6 3.g3 Fg7 4.Fg2 c6 5.O-O Fg4 6.Ce5 h5 7.h3 Fe6 8.d3 Ch6 9.
De1 Cd7 10.Cf3 Db6+ 11.Rh1 d4 12.Cbd2 Cf5 13.Ce4 Fd5 14.c4 dxc3 15.bxc3 
Cc5 16.Ch4 Cxh4 17.gxh4 Cxe4 18.dxe4 Fc4 19.Fa3 Da5 20.Fb4 Dc7 21.Fc5 b6 
22.Fe3 c5 23.a4 O-O 24.Tg1 e6 25.Ff3 Fh6 26.Df2 Rh7 27.f5 exf5 28.Fxh6 
Rxh6 29.exf5 Df4 30.Taf1 Tae8 31.fxg6 fxg6 32.Dg2 Dd6 33.Fxh5 Txf1 34.Txf1
Te5 35.Dg3 Fd5+ 36.Rg1 Fe4 37.Tf7 Dd1+ 38.Rf2 Tf5+ 39.Txf5 Fxf5 40.Dg5+ 
Rh7 41.De7+ Rh6 42.Fg4 Dd2 43.De5 Dd8 44.Df4+ Rh7 45.Fxf5 gxf5 46.Dxf5+ 
Rh6 47.Dg5+ Dxg5 48.hxg5+ Rxg5 49.Rf3 Rf5 50.h4 c4 51.Re3 1-0

[Event "Amber Blindfold"]
[Site "Monaco MNC"]
[Date "2006.03.20"]
[Round "3"]
[White "Topalov, Veselin"]
[Black "Nielsen, Peter Heine"]
[Result "1-0"]
[WhiteElo "2801"]
[BlackElo "2644"]
[EventDate "2006.03.18"]

1.c4 c5 2.Cf3 Cf6 3.Cc3 Cc6 4.g3 d5 5.cxd5 Cxd5 6.Fg2 g6 7.d3 Fg7 8.Fd2 
O-O 9.Dc1 b6 10.h4 h5 11.Fh6 Fb7 12.Fxg7 Rxg7 13.O-O Tc8 14.Cg5 e6 15.Te1 
Te8 16.Cge4 Cf6 17.Cg5 De7 18.b3 Cd4 19.Fxb7 Dxb7 20.Db2 e5 21.Tac1 Ted8 
22.a3 Cd5 23.e3 Cc6 24.Cce4 De7 25.Cf3 Cf6 26.Ted1 Cxe4 27.dxe4 De6 28.b4 
Txd1+ 29.Txd1 Dg4 30.Rg2 Dxe4 31.bxc5 bxc5 32.Db7 Tb8 33.Dc7 g5 34.hxg5 h4
35.Th1 Th8 36.Th3 hxg3 37.g6 Txh3 38.Dxf7+ Rh6 39.Dh7# 1-0

[Event "Amber Blindfold"]
[Site "Monaco MNC"]
[Date "2006.03.21"]
[Round "4"]
[White "Van Wely, Loek"]
[Black "Topalov, Veselin"]
[Result "0-1"]
[WhiteElo "2647"]
[BlackElo "2801"]
[EventDate "2006.03.18"]

1.d4 d5 2.c4 c6 3.Cf3 Cf6 4.Cc3 a6 5.e3 e6 6.b3 c5 7.Fb2 cxd4 8.Cxd4 Cc6 
9.cxd5 exd5 10.Fe2 Fd6 11.O-O O-O 12.Tc1 Te8 13.Cxc6 bxc6 14.Ff3 Ff5 15.
Ce2 Tc8 16.Cd4 Fd7 17.Dd3 c5 18.Dxa6 Fe5 19.Dd3 Db6 20.Tcd1 Db8 21.Cf5 
Fxb2 22.Fxd5 Cxd5 23.Dxd5 Fe6 24.Df3 Fe5 25.h3 c4 26.Cd4 Fxd4 27.Txd4 cxb3
28.axb3 Dxb3 29.Tfd1 h6 30.Df4 Tc4 31.Dd6 Txd4 32.Txd4 Tc8 33.Tb4 Tc1+ 34.
Rh2 Dc2 35.Df4 Tf1 36.Db8+ Rh7 37.Tb2 Dc1 38.De5 Th1+ 39.Rg3 Dg1 40.De4+ 
g6 41.Rf3 Th2 0-1

[Event "Amber Blindfold"]
[Site "Monaco MNC"]
[Date "2006.03.23"]
[Round "5"]
[White "Topalov, Veselin"]
[Black "Leko, Peter"]
[Result "0-1"]
[WhiteElo "2801"]
[BlackElo "2740"]
[EventDate "2006.03.18"]

1.e4 c5 2.Cf3 d6 3.d4 cxd4 4.Cxd4 Cf6 5.Cc3 a6 6.Fe3 e5 7.Cb3 Fe6 8.Dd2 
Cbd7 9.O-O-O b5 10.f4 Tc8 11.Rb1 Dc7 12.h3 h5 13.Fd3 h4 14.Cd5 Fxd5 15.
exd5 e4 16.The1 Fe7 17.Fe2 Cb6 18.Fg4 Cc4 19.Df2 Cxg4 20.hxg4 h3 21.Fd4 h2
22.c3 Db7 23.De2 Rf8 24.g5 a5 25.Dxe4 a4 26.Cc1 Fxg5 27.g3 Ff6 28.Fxf6 
gxf6 29.Cd3 Dd7 30.Dg2 Dh3 31.Dxh3 Txh3 32.Th1 Te8 33.Cf2 Txg3 34.Txh2 Te2
35.Cg4 Txh2 36.Cxh2 Tg2 37.Cf3 Txb2+ 38.Ra1 a3 39.Cd4 Ce3 40.Tb1 Tf2 41.
Txb5 Txf4 42.Tb1 Tf2 43.Tc1 f5 44.Cb5 Cc4 45.Cd4 f4 46.Cf5 Ce3 0-1